LIBRARY & INFORMATION CENTRE, KCAET, TAVANUR

ONLINE PUBLIC ACCESS CATALOGUE (OPAC)

IRRIGATION PLANNING AND MANAGEMENT OF A CANAL IRRIGATED COMMAND USING GEOSPATIAL TOOLS (Record no. 17732)

MARC details
000 -LEADER
fixed length control field 00416nam a22001457a 4500
003 - CONTROL NUMBER IDENTIFIER
control field OSt
082 ## - DEWEY DECIMAL CLASSIFICATION NUMBER
Classification number 631.587
Item number PRI/IR
088 ## - REPORT NUMBER
Report number 593
100 ## - MAIN ENTRY--AUTHOR NAME
Personal name PRIYA. G NAIR
245 ## - TITLE STATEMENT
Title IRRIGATION PLANNING AND MANAGEMENT OF A CANAL IRRIGATED COMMAND USING GEOSPATIAL TOOLS
260 ## - PUBLICATION, DISTRIBUTION, ETC. (IMPRINT)
Place of publication TAVANUR
Name of publisher DEPARTMENT OF IRRIGATION AND DRAINAGE ENGINEERING
Year of publication 2023
300 ## - PHYSICAL DESCRIPTION
Number of Pages 113+XXIII
700 ## - ADDED ENTRY--PERSONAL NAME
Personal name ASHA JOSEPH
942 ## - ADDED ENTRY ELEMENTS (KOHA)
Koha item type Theses
Holdings
Home library Current library Full call number Accession Number Koha item type Public note
KAUAET KAUAET 631.587 PRI/IR T 593 Theses PhD Thesis
free website counter